书目信息 |
| 题名: |
艺术真实十题
|
|
| 作者: | 马玉田 , 王主玉 , 田丁 著 | |
| 分册: | ||
| 出版信息: | 北京 文化艺术出版社 1983 |
|
| 页数: | 95页 | |
| 开本: | 19cm | |
| 丛书名: | 文艺理论小丛书 | |
| 单 册: | ||
| 中图分类: | J022 , I022 | |
| 科图分类: | ||
| 主题词: | 生活真实和艺术真实 | |
| 电子资源: | ||
| ISBN: | 10228.055 | |
| 000 | 00820oam2 2200289 450 | |
| 001 | 000550401 | |
| 005 | 20120905085446.0 | |
| 010 | @a10228.055@dCNY0.29 | |
| 091 | @a10228.055@dCNY0.29 | |
| 100 | @a20120905d1983 em y0chiy0121 ea | |
| 101 | 0 | @achi |
| 102 | @aCN@b110000 | |
| 105 | @ay z 000yy | |
| 106 | @ar | |
| 200 | 1 | @a艺术真实十题@9Yi Shu;Zhu Zhen Shi Shi Ti @f马玉田, 王主玉, 田丁 |
| 210 | @a北京@c文化艺术出版社@d1983 | |
| 215 | @a95页@d19cm | |
| 225 | 2 | @a文艺理论小丛书@9wen yi li lun xiao cong shu |
| 461 | 0 | @12001 @a文艺理论小丛书 |
| 606 | 0 | @a生活真实和艺术真实 |
| 690 | @aJ022@v2 | |
| 690 | @aI022@v4 | |
| 701 | 0 | @a马玉田@9ma yu tian@4著 |
| 701 | 0 | @a王主玉@9wang zhu yu@4著 |
| 701 | 0 | @a田丁@9tian ding@4著 |
| 801 | 0 | @aCN@bAzMarc@c20130904 |
| 905 | @aBZT@dJ022@e16@f2@sJ022/16 | |
| 艺术真实十题/马玉田, 王主玉, 田丁.-北京:文化艺术出版社,1983 |
| 95页;19cm.-(文艺理论小丛书) |
| ISBN 10228.055:CNY0.29 |
| ● |
| 相关链接 |
|
|
|
正题名:艺术真实十题
索取号:J022/16
 
预约/预借
| 序号 | 登录号 | 条形码 | 馆藏地/架位号 | 状态 | 备注 |
| 1 | 2000077492 | 2000077492 | 旧书回溯/ [索取号:J022/16] | 在馆 | |
| 2 | 2000119599 | 2000119599 | 旧书回溯/ [索取号:J022/16] | 在馆 |